| 000 | 00676nam a2200205 i 4500 | ||
|---|---|---|---|
| 001 | 124635 | ||
| 003 | ES-MaACL | ||
| 005 | 20250813062636.0 | ||
| 007 | t| | ||
| 008 | 070413s1929 sp ||||1| spa d | ||
| 100 | 1 |
_aRecasens Siches, Luis, _d1903-1977 _995751 |
|
| 245 | 1 | 0 |
_aDirecciones contemporáneas del pensamiento jurídico _b: (la filosofía del derecho en el siglo XX) / _cLuis Recaséns Siches. |
| 260 |
_aBarcelona : _bLabor, _c[1929] |
||
| 300 |
_a238 p., 6 lám. ; _c17 cm. |
||
| 490 | 1 |
_aColección Labor ; _v198 |
|
| 650 | 4 |
_aDerecho- _xFilosofía _911620 |
|
| 830 | 0 | 0 |
_aColección Labor _v198 _9184254 |
| 852 |
_aES-MaACL _jE-2714 |
||
| 999 |
_c124635 _d124635 |
||